Bank valuers face scrutiny (Record no. 72965)

MARC details
000 -LEADER
fixed length control field 00934cam a2200205 4500
001 - CONTROL NUMBER
control field WB3925-20
008 - FIXED-LENGTH DATA ELEMENTS--GENERAL INFORMATION
fixed length control field 030701n2003 000 0 eng u
035 ## - SYSTEM CONTROL NUMBER
System control number (Sirsi) u122839
245 ## - TITLE STATEMENT
Title Bank valuers face scrutiny
260 ## - PUBLICATION, DISTRIBUTION, ETC.
Date of publication, distribution, etc. 2003
490 ## - SERIES STATEMENT
Series statement Estates Gazette
Volume/sequential designation (0326) 28 June 2003, 30(1)
520 ## - SUMMARY, ETC.
Summary, etc. University of Reading real estate professor Neil Crosby is undertaking a one-year research programme into secured lending valuations, an area of valuation not addressed in the Carsberg report. The research was prompted by concerns that one-off bank valuations may be susceptible to bent practice. University of Reading Department of Real Estate and Planning at www.reading.ac.uk/LM/LM/research.html.
590 ## - LOCAL NOTE (RLIN)
Local note WB
650 ## - SUBJECT ADDED ENTRY--TOPICAL TERM
Topical term or geographic name entry element SECURED LENDING
650 ## - SUBJECT ADDED ENTRY--TOPICAL TERM
Topical term or geographic name entry element PROFESSIONAL STANDARDS
650 ## - SUBJECT ADDED ENTRY--TOPICAL TERM
Topical term or geographic name entry element VALUATION PROCESS
650 ## - SUBJECT ADDED ENTRY--TOPICAL TERM
Topical term or geographic name entry element BANK VALUATIONS
690 ## - LOCAL SUBJECT ADDED ENTRY--TOPICAL TERM (OCLC, RLIN)
Topical term or geographic name as entry element PROPERTY-PROPERTY APPRAISAL AND VALUATION
942 ## - ADDED ENTRY ELEMENTS (KOHA)
Suppress in OPAC 0
Holdings
Withdrawn status Lost status Source of classification or shelving scheme Damaged status Not for loan Home library Current library Shelving location Date acquired Total Checkouts Full call number Barcode Date last seen Copy number Price effective from Koha item type
    Dewey Decimal Classification     London London News article 01/07/2003   WB3925-20 122839-1001 06/08/2019 1 06/08/2019 News article